00000000nam 2200000za 4500
0019.861844
003CaOODSP
00520240102154602
007cr |||||||||||
008180912s2018    onc     ob   f000 0 eng d
040 |aCaOODSP|beng
043 |an-cn---
0861 |aPS83-3/416E-PDF
24500|aWomen who sexually offend |h[electronic resource] : |ba profile and program outcome study / |cKayla A. Wanamaker … [et al.].
260 |aOttawa : |bCorrectional Service of Canada, |c2018.
300 |avi, 50 p.
4901 |aResearch report ; |vno. R-416
500 |aIssued also in French under title: Les femmes qui commettent des infractions sexuelles : profil et étude des résultats de programme.
500 |a"August 2018."
504 |aIncludes bibliographical references (p. 28-31).
520 |a"Women sex offenders (WSOs) make up a small proportion of any offender population. Given the gravity of the criminal offence and the impact on victims, understanding the characteristics and criminogenic needs of WSOs is important in order to design and implement appropriate interventions. The Women Sex Offender Program (WSOP) is offered as part of Correctional Service Canada’s (CSC’s) Continuum of Care. The aims of the current study were: (1) to expand on previous research by examining the profile of WSOs, including demographic information, background history, offence and sentence characteristics, and risk/need information, and outcomes on release, and (2) to assess the treatment gains for those completing the WSOP and examine their outcomes on release"--Executive summary, p. iii.
693 4|aFemale sex offenders
693 4|aRehabilitation
7001 |aWanamaker, Kayla A.
7101 |aCorrectional Service Canada. |bResearch Branch.
77508|tLes femmes qui commettent des infractions sexuelles |w(CaOODSP)9.861846
830#0|aResearch report (Correctional Service Canada. Research Branch)|vno. R-416.|w(CaOODSP)9.506063
85640|qPDF|s1.10 MB|uhttps://publications.gc.ca/collections/collection_2018/scc-csc/PS83-3-416-eng.pdf